Fancy Pants - Sudden Death - Statistics

General Stats
  • This quiz has been taken 93 times
  • The average score is 10 of 18
Answers on the Grid
Answers color-coded by a green-red scale on the quiz's grid according to % correct below.
Balaclavas
Bell-bottoms
Bombachas
Breeches
Capris
Chemise
Chinos
Corduroys
Cravats
Crosiers
Culottes
Dungarees
Galligaskins
Gambesons
Hauberk
Jeans
Jerkins
Jodhpurs
Khakis
Khopeshes
Knickers
Lederhosen
Pantaloons
Pluderhosen
Rhinegraves
Ruffs
Scrummers
Slacks
Stilettos
Wallawoos
 
Answer Stats
Answer % Correct
Bell-bottoms
90%
Chinos
85%
Jeans
85%
Capris
77%
Breeches
72%
Slacks
69%
Corduroys
67%
Dungarees
64%
Khakis
64%
Pantaloons
62%
Lederhosen
54%
Culottes
51%
Knickers
49%
Jodhpurs
46%
Pluderhosen
13%
Galligaskins
8%
Bombachas
3%
Rhinegraves
0%
No matching quizzes found
Score Distribution
Percent of People with Each Score
Percentile by Number Answered
Your Score History
You have not taken this quiz